| 000 | 00602nam a2200277Ia 4500 | ||
|---|---|---|---|
| 005 | 20260401122244.0 | ||
| 008 | 008 250103s9999 xx 000 0 eng d | ||
| 020 | _a8178241307 | ||
| 037 | _aTB | ||
| 040 | _aEDL | ||
| 040 | _beng | ||
| 040 | _cEDL | ||
| 041 | _2eng | ||
| 041 | _aeng | ||
| 084 | _a181.4 SEN | ||
| 084 | _qEDL | ||
| 245 | 0 | _aIndispensable Vivekananda: Anthology for our Times | |
| 260 | _aDelhi | ||
| 260 | _bPermanent Black | ||
| 260 | _c2006 | ||
| 300 | _a240p | ||
| 942 | _cTB | ||
| 942 | _h181.4 SEN | ||
| 999 |
_c1845990 _d1845990 |
||